| 000 | 00415nam a2200145Ia 4500 | ||
|---|---|---|---|
| 008 | 180627s9999 xx 000 0 und d | ||
| 020 | _a9786219509640 | ||
| 100 | _aMillan, Zeus Vernon B. | ||
| 245 | _aAdvanced accounting part 1 / | ||
| 250 | _a2016 ed | ||
| 260 |
_aBaguio City : _bbandolin Enterprise _c2016 |
||
| 300 | _aiii, 622 pages | ||
| 650 | _aAccounting -- advanced accounting. | ||
| 650 | _aAccounting. | ||
| 999 |
_c358072 _d358072 |
||